| 000 | 00562cam a22002051 4500 | ||
|---|---|---|---|
| 001 | sa 68020631 | ||
| 003 | DLC | ||
| 005 | 20260227112726.0 | ||
| 008 | 760331s1964 io a 000 0 ind | ||
| 010 | _asa 68020631 | ||
| 035 | _a(OCoLC)2081075 | ||
| 040 |
_aDLC _cOAU _dDLC |
||
| 042 | _apremarc | ||
| 050 | 0 | 0 |
_aPL5089.M265 _bT53 1964 |
| 100 | 1 |
_aMadjoindo, A. Dt. _q(Aman Dt.), _d1895- |
|
| 245 | 1 | 0 |
_aTjindur mata. _cDiusahakan oleh A. Dt. Madjoindo. |
| 250 | _aTjet. 4. | ||
| 260 |
_aDjakarta, _bBalai Pustaka, _c1964. |
||
| 300 |
_a162 p. _billus. _c19 cm. |
||
| 999 |
_c89533 _d89533 |
||